[Event "St Petersburg-ch"]
[Site "St Petersburg"]
[Date "1997.03.13"]
[Round "8"]
[White "Loginov, Valery A"]
[Black "Ivanov, Sergey"]
[Result "1/2-1/2"]
[WhiteElo "2555"]
[BlackElo "2515"]

1.Nf3 d5 2.g3 g6 3.Bg2 Bg7 4.d4 Nf6 5.c4 dxc4 6.Qa4+ Nfd7 7.Nbd2 O-O 8.Nxc4 Nc6
9.O-O Nxd4 10.Nxd4 Bxd4 11.Bh6 Bg7 12.Bxg7 Kxg7 13.Rfd1 c6 14.Qb4 Re8 15.Qc3+ Kg8
16.Ne5 Qc7 17.Nxc6 bxc6 18.Bxc6 Rb8 19.Bxd7 Qxc3 20.bxc3 Bxd7 21.Rxd7 Rb2
22.Kf1 a5 23.a4 Kf8 24.Ra7 Rc8 25.Rxa5 Rxc3 26.Re5 Rcc2 27.Re4 e6 28.Rd1 Ke7
29.Ra1 Kd6 30.Ra3 Ra2 31.Rb3 Rcb2 32.Rd4+ Ke7 33.Rxb2 Rxb2 34.g4 g5 35.e3 Ra2
36.Kg2 Kf6 37.Kg3 Kg6 38.h3 h5 39.gxh5+ Kxh5 40.h4 f5 41.hxg5 Kxg5 42.Rb4 Kf6
43.Kf3 Kg5 44.Rb6 Rxa4 45.Rxe6 Rb4 46.Rd6 Ra4 47.Kg3 Rg4+ 48.Kh3 Rh4+ 49.Kg2 Rg4+
50.Kf3 Ra4 51.Rd4 Ra6 52.Kg3 Rb6 53.Rd5 Kf6 54.Ra5 Rc6 55.Ra8 Rb6 56.Rf8+ Kg5
57.Rd8 Kf6 58.Kh4 Rb4+ 59.Rd4 Rb2 60.Kg3 Rb6 61.Ra4 Rc6 62.Kh4 Kg6 63.Ra8 Rb6
64.Rg8+ Kf7 65.Rg3 Rb2 66.Rg2 Kf6 67.Kg3 Rb6 68.Rh2 Kg5 69.Rh8 Ra6 70.Rb8 Rc6
71.Rb5 Kf6 72.Rd5 Rb6 73.Rd8 Ra6 74.Rb8 Kg5 75.Kf3 Rc6 76.Rb2 Ra6 77.Ke2 Rd6
78.Rb4 Ra6 79.Rb5 Kf6 80.Rb8 Ra2+ 81.Kf3 Ra6 82.Rh8 Kg5 83.Kg3 Rb6  1/2-1/2

[Event "GER-CupT 9697 sf"]
[Site "Porz"]
[Date "1997.03.15"]
[Round "?.4"]
[White "Thiede, Lars"]
[Black "Knaak, Rainer"]
[Result "0-1"]
[WhiteElo "2310"]
[BlackElo "2540"]

1.g3 d5 2.Nf3 c6 3.b3 a5 4.a3 e6 5.Bg2 Nf6 6.O-O Nbd7 7.c4 a4 8.cxd5 exd5
9.b4 Bd6 10.Bb2 O-O 11.d3 Re8 12.Re1 Qc7 13.Nc3 Nb6 14.Rc1 Qd8 15.Nb1 Bg4
16.Nbd2 Nbd7 17.Qc2 Qb8 18.Bd4 Bc7 19.Qb2 Bb6 20.Bxb6 Nxb6 21.e4 dxe4 22.dxe4 Nbd7
23.e5 Bxf3 24.Nxf3 Ng4 25.e6 Rxe6 26.Rxe6 fxe6 27.Bh3 Nde5 28.Bxg4 Nxg4 29.Qd4 Nf6
30.Re1 Qd8 31.Rxe6 Qxd4 32.Nxd4 Rd8 33.Nf5 Nd5 34.Kg2 Kf7 35.Re4 Kf6 36.Nd4 Nc3
37.Rf4+ Ke5 38.Nf3+ Kd6 39.Ng5 Re8 40.Rf3 Nb5 41.Rd3+ Kc7 42.Nxh7 b6 43.Rf3 c5
44.bxc5 bxc5 45.Rf4 Ra8 46.Ng5 Kb6 47.Ne4 c4 48.Rf3 Rc8 49.Nc3 Nxc3 50.Rxc3 Kc5
51.Kf1 Kd4 52.Rc1 c3 53.Ke1 Kd3 54.Rd1+ Kc2 55.Rd7 Re8+ 56.Kf1 Rb8 57.Rxg7 Kb2
58.Rc7 c2 59.f4 c1=Q+ 60.Rxc1 Kxc1 61.f5 Kb2 62.g4 Kxa3 63.f6 Kb3 64.g5 a3  0-1

[Event "Enghien Les Bains"]
[Site "Enghien Les Bains"]
[Date "1997.03.18"]
[Round "5"]
[White "Ivanov, Mikhail M"]
[Black "Fontaine, Robert"]
[Result "1-0"]
[WhiteElo "2500"]
[BlackElo "2320"]

1.Nf3 d5 2.g3 Bg4 3.Bg2 c6 4.O-O Nd7 5.d4 e6 6.Nbd2 Ngf6 7.Re1 Be7 8.e4 dxe4
9.Nxe4 O-O 10.c3 Qb6 11.Ned2 c5 12.Qb3 Qxb3 13.axb3 cxd4 14.Nxd4 Nc5 15.Re3 a5
16.Nc4 Rfd8 17.Rxa5 Rac8 18.h3 Bh5 19.Nb6 Rc7 20.Ra8 Bg6 21.Re2 Rxa8 22.Nxa8 Rd7
23.Nb6 Rd8 24.Bf4 Bd6 25.b4 Nce4 26.Bxd6 Rxd6 27.Nc4 Ra6 28.Ne5 Nd6 29.Nxg6 hxg6
30.Nb3 b6 31.Rd2 b5 32.Na5 Kf8 33.b3 Rb6 34.Nc6 Nfe8 35.Ra2 Rb7 36.Ra8 Rc7
37.Kf1 f6 38.Ke2 e5 39.Bd5 Rd7 40.c4 g5 41.c5 Nf5 42.Be6 Nd4+ 43.Nxd4 Rxd4
44.c6 Ke7 45.Rxe8+ Kxe8 46.c7  1-0

[Event "Passau op"]
[Site "Passau"]
[Date "1997.03.30"]
[Round "5"]
[White "Martinovic, Slobodan"]
[Black "Koenig, Dietrich"]
[Result "1/2-1/2"]
[WhiteElo "2495"]
[BlackElo "2310"]

1.Nf3 d5 2.g3 c5 3.c4 e6 4.cxd5 exd5 5.d4 Nc6 6.Bg2 Nf6 7.O-O Be7 8.Nc3 O-O
9.dxc5 Bxc5 10.Bg5 d4 11.Bxf6 Qxf6 12.Nd5 Qd8 13.Nd2 Re8 14.Nf4 Bg4 15.Bf3 Bxf3
16.Nxf3 Bd6 17.Nd3 Qe7 18.Re1 Bb4 19.Nd2 Bxd2 20.Qxd2 h5 21.Rac1 h4 22.Qf4 hxg3
23.hxg3 Ne5 24.Nxe5 Qxe5 25.Qxe5 Rxe5 26.Rc4 Rae8 27.Kf1 Rh5 28.Kg2 Rhe5
29.Kf3 Rf5+ 30.Kg2 Rfe5  1/2-1/2

[Event "Passau op"]
[Site "Passau"]
[Date "1997.03.31"]
[Round "7"]
[White "Martinovic, Slobodan"]
[Black "Juergens, Peter"]
[Result "1-0"]
[WhiteElo "2495"]
[BlackElo "2310"]

1.Nf3 d5 2.g3 c6 3.Bg2 Bg4 4.b3 Nd7 5.Bb2 Ngf6 6.O-O e6 7.d3 Be7 8.Nbd2 O-O
9.c4 Ne8 10.Qc2 Bf6 11.b4 Bxb2 12.Qxb2 Qf6 13.Rab1 Qh6 14.cxd5 cxd5 15.Rfc1 Qf6
16.Nb3 Bxf3 17.Bxf3 Ne5 18.Bg2 Ng4 19.Qxf6 Ngxf6 20.Na5 Nd6 21.Rc7 Rfc8 22.Rbc1 b6
23.Nb3 Nfe8 24.R7c6 Rxc6 25.Rxc6 Rc8 26.Nd4 Kf8 27.f4 Rxc6 28.Nxc6 Nc8 29.e4 Nc7
30.Kf2 Ke8 31.Ke3 Kd7 32.Ne5+ Ke7 33.Kd2 f6 34.Ng4 Kd6 35.e5+ Ke7 36.a4 a6
37.Kc3 Na7 38.d4 Nc6 39.Bf1 f5 40.Nf2 Nb8 41.Be2 Kf7 42.h4 Nd7 43.h5 Nf8
44.Nh3 Ke7 45.g4 g6 46.h6 Kf7 47.Ng5+ Ke7 48.Kd2 Ke8 49.Ke3 Ke7 50.Kf2 Ke8
51.Kg3 Ke7 52.Kh4 Ke8 53.Nf3 Ke7 54.Kg5 Kf7 55.Nh4 Ke7 56.Ng2 Kf7 57.Ne3 Ke7
58.Bf3 Kf7 59.gxf5 gxf5 60.Bh5+ Ke7 61.Nd1 Nd7 62.Nf2 Kf8 63.Kh4 Nb8 64.Nh3 Nc6
65.Ng5 Nxd4 66.Nxh7+ Kg8 67.Ng5 Kh8 68.Bg6  1-0

[Event "RUS-Cup7"]
[Site "Kstovo"]
[Date "1997.05.01"]
[Round "1"]
[White "Loginov, Valery A"]
[Black "Shurygin, Sergey"]
[Result "1-0"]
[WhiteElo "2555"]
[BlackElo "2365"]

1.Nf3 d5 2.g3 c6 3.Bg2 Bg4 4.c4 Nd7 5.cxd5 cxd5 6.Qb3 Qc7 7.Nc3 Bxf3 8.Bxf3 e6
9.d4 Ngf6 10.Bf4 Qb6 11.Nb5 Rc8 12.O-O Be7 13.Rfc1 O-O 14.Bc7 Qa6 15.a4 Ne8
16.Bf4 Nef6 17.Nc7 Qb6 18.Qxb6 Nxb6 19.a5 Nc4 20.b3 Nd6 21.a6 bxa6 22.Rxa6 Nfe8
23.Rxa7 g5 24.Bd2 Bd8 25.Nxe8 Rxc1+ 26.Bxc1 Rxe8 27.Bh5 Bf6 28.Ba3 Rd8 29.Bc5 e5
30.Ra6 Ne8 31.dxe5 Bxe5 32.Be7 Rb8 33.Bxg5 Rxb3 34.Ra7 Nc7 35.Kg2 Rb8 36.f4 Bd6
37.Bf6 Re8 38.Rb7 h6 39.Rb6 Bc5 40.Rc6 Ne6 41.f5  1-0

[Event "FRA-chT9697 final"]
[Site "Clichy"]
[Date "1997.05.03"]
[Round "10"]
[White "Tkachiev, Vladislav"]
[Black "Flear, Glenn C"]
[Result "1/2-1/2"]
[WhiteElo "2630"]
[BlackElo "2485"]

1.Nf3 d5 2.g3 Nc6 3.d4 Bg4 4.Bg2 e6 5.O-O Nf6 6.c4 dxc4 7.Qa4 Nd7 8.Qxc4 Nb6
9.Qd3 Be7 10.Nc3 O-O 11.Rd1 Qd7 12.Bf4 Rad8 13.Rac1 Qc8 14.Ne5 Nxe5 15.Bxe5 f6
16.Nb5 fxe5 17.Rxc7 Rxd4 18.Rxc8 Rxd3 19.Rxf8+ Bxf8 20.Rxd3 Bxe2 21.Rb3 Bc4
22.Bxb7 Bxb3 23.axb3 a5 24.Na7 a4 25.Nc8 a3 26.bxa3 Nxc8 27.Bxc8 Bxa3 28.Bxe6+ Kf8
29.h4 Ke7 30.Bf5 h6 31.Kg2 Kd6 32.Kh3 Bc5 33.f3 Bb4 34.g4 Be1 35.g5 hxg5
36.hxg5 Bd2 37.Kg4 Kc5 38.Be6 Bf4 39.Kf5 Kb4 40.Bg8 Kc5 41.Bc4 Kb4 42.g6 Kc5
43.Ke6 Kb4 44.Kd5 Bg3 45.Ke6  1/2-1/2

[Event "FRA-chT9697 final"]
[Site "Clichy"]
[Date "1997.05.03"]
[Round "10"]
[White "Roos, Daniel"]
[Black "Lazarev, Vladimir"]
[Result "1/2-1/2"]
[WhiteElo "2415"]
[BlackElo "2450"]

1.Nf3 d5 2.g3 Bg4 3.Bg2 Nd7 4.c4 c6 5.cxd5 cxd5 6.Nc3 Ngf6 7.Qa4 Bxf3 8.Bxf3 e6
9.O-O a6 10.d4 Rc8 11.Qb3  1/2-1/2

[Event "FRA-chT9697 final"]
[Site "Clichy"]
[Date "1997.05.04"]
[Round "11"]
[White "Hennigan, Michael"]
[Black "Summerscale, Aaron"]
[Result "1/2-1/2"]
[WhiteElo "2450"]
[BlackElo "2500"]

1.Nf3 d5 2.g3 c6 3.Bg2 Bg4 4.O-O Nd7 5.d3 Ngf6 6.Nbd2 e5 7.h3 Bh5 8.e4 Bd6
9.Qe1 O-O 10.Nh4 Re8 11.Nf5 Bf8 12.Nb3 Qc7 13.Be3 d4 14.Bc1 c5 15.Nd2 b5
16.f4 c4 17.g4 Bg6 18.Nxg7 Bxg7 19.f5 c3 20.bxc3 Qxc3 21.Nb3 Qxe1 22.Rxe1 Rec8
23.Re2 Nb6 24.Bf3 Rc7 25.fxg6 hxg6 26.g5 Nfd7 27.Rf2 a5 28.Bd1 Na4 29.Nd2 Ndc5
30.Nb3 Nb7 31.h4 Ra6 32.h5 gxh5 33.Bxh5 Rac6 34.Bd1 Bf8 35.Kh2 Nc3 36.Bh5 b4
37.Nd2 Nd6 38.Nf3 Bg7 39.Nh4 Ncb5  1/2-1/2

[Event "RUS-Cup7"]
[Site "Kstovo"]
[Date "1997.05.05"]
[Round "5"]
[White "Loginov, Valery A"]
[Black "Gleizerov, Evgeny"]
[Result "1/2-1/2"]
[WhiteElo "2555"]
[BlackElo "2545"]

1.Nf3 d5 2.g3 g6 3.c4 d4 4.b4 Bg7 5.d3 e5 6.Bg2 Ne7 7.O-O O-O 8.Nbd2 a5 9.b5 c5
10.bxc6 Nexc6 11.Ba3 Nb4 12.Bxb4 axb4 13.Qb3 Qe7  1/2-1/2

[Event "Aruna"]
[Site "Copenhagen"]
[Date "1997.05.06"]
[Round "5"]
[White "Sokolovs, Andrei"]
[Black "Keitlinghaus, Ludger"]
[Result "1/2-1/2"]
[WhiteElo "2480"]
[BlackElo "2515"]

1.Nf3 d5 2.g3 Bf5 3.c4 e6 4.Qb3 Nc6 5.Bg2 Nf6 6.O-O Rb8 7.cxd5 exd5 8.d3 Be7
9.Bf4 O-O 10.Nc3 a6 11.d4 h6 12.Rac1 Be6 13.Rfd1 Nh5 14.Bd2 Na5 15.Qc2 Nc4
16.Be1 Nd6 17.e3 c6 18.Ne5 Bf5 19.Qe2 Nf6 20.f3 Bh7 21.Na4 Nd7 22.Nxd7  1/2-1/2

[Event "RUS-Cup7"]
[Site "Kstovo"]
[Date "1997.05.06"]
[Round "6"]
[White "Varavin, Viktor"]
[Black "Alavkin, Arseny"]
[Result "1/2-1/2"]
[WhiteElo "2505"]
[BlackElo "2375"]

1.Nf3 d5 2.g3 Bg4 3.Bg2 Nd7 4.c4 c6 5.Qb3 Qb6 6.cxd5 Qxb3 7.axb3 cxd5 8.Nc3 Bxf3
9.Bxf3 e6 10.d4 Ngf6 11.Nb5 Bb4+ 12.Bd2 Bxd2+ 13.Kxd2 Ke7 14.Nxa7 Nb6 15.Rhc1 Kd7
16.Ra3 Ne8 17.Nb5 Nd6 18.Rc7+ Kd8 19.Rc5 Kd7 20.Rc7+ Kd8 21.Kd3 Rxa3 22.bxa3 Nd7
23.Nxd6 Kxc7 24.Nxf7 Rf8 25.Ng5 Kd6 26.Nxh7 Rh8 27.Ng5 Rxh2 28.Ke3 Ke7 29.Bg4 Nf8
30.a4 Rh1 31.Kd3 Rh2 32.Nf3 Rh1 33.Ne5 Nd7 34.Ng6+ Kd6 35.Nf4 Nf6 36.Bf3 Rh2
37.Ng2 g5 38.Ne1 Rxf2 39.Bg2 g4 40.Ke3 Rf5 41.Nd3 Nh5 42.Ne5 Nxg3 43.Nxg4 Rf8
44.Ne5 Nf5+ 45.Kd3 Rg8 46.Bf3 Rg1 47.Kc3 Rc1+ 48.Kd2 Rb1 49.Kc3 Rg1 50.Nd3 Rg7
51.Ne5 Rg3 52.Nd3 Nh4 53.Ne5 Rh3 54.Nf7+ Ke7 55.Ne5 Nf5 56.Kd3 Kd6 57.Nf7+ Kd7
58.Ne5+ Kc7 59.Kc3 Rg3 60.Kd3 Ne7 61.Kc3 Nc8 62.Nd3 Kd6 63.Ne5 Kc7 64.Nd3 b6
65.Ne5 Nd6 66.Kd3 Nb7 67.Kc3 Na5 68.Kc2 Kd6 69.Nf7+ Kd7 70.Ne5+ Kc7 71.Kc3 Rg1
72.Kc2 Kd6 73.Nf7+ Kd7 74.Ne5+ Kc7 75.e4 dxe4 76.Bxe4 Re1 77.Bd3 Nb7 78.Bc4 Kd6
79.Kc3 Nd8 80.Kd2 Re4 81.Kd3 Rh4 82.Kc3 Kc7 83.Kd3 Rh6 84.Kc3 Rf6  1/2-1/2

[Event "RUS-Cup7"]
[Site "Kstovo"]
[Date "1997.05.08"]
[Round "7"]
[White "Loginov, Valery A"]
[Black "Kulikov, Alexander O"]
[Result "0-1"]
[WhiteElo "2555"]
[BlackElo "2285"]

1.Nf3 d5 2.g3 Nf6 3.Bg2 c5 4.O-O Nc6 5.d4 e6 6.c4 dxc4 7.Ne5 Bd7 8.Nxc4 cxd4
9.Bf4 Be7 10.Nd6+ Kf8 11.Nxb7 Qb6 12.Nd6 Qc5 13.Ne4 Nxe4 14.Bxe4 g5 15.Bd2 Rb8
16.e3 Rxb2 17.exd4 Nxd4 18.Nc3 Rxd2 19.Qxd2 Qxc3 20.Rfd1 Qxd2 21.Rxd2 Bc5
22.Rb1 Ke7 23.Rb7 f5 24.Bg2 e5 25.Rd1 Kd6 26.h3 h5 27.f4 gxf4 28.gxf4 exf4
29.Rb4 Ke5 30.Rc4 Bb6 31.Kh2 Be6 32.Re1+ Kf6 33.Ra4 f3 34.Bf1 Bd5 35.Rd1 Ke5
36.Re1+ Be4 37.Kg3 h4+ 38.Kh2 Rg8 39.Rc4 f2  0-1

[Event "Torneo Magistral 6th"]
[Site "Madrid"]
[Date "1997.05.21"]
[Round "1"]
[White "Akopian, Vladimir"]
[Black "Illescas Cordoba, Miguel"]
[Result "1/2-1/2"]
[WhiteElo "2655"]
[BlackElo "2635"]

1.Nf3 d5 2.g3 Bg4 3.Bg2 c6 4.c4 e6 5.O-O Nf6 6.cxd5 Bxf3 7.Bxf3 cxd5 8.d3 Nc6
9.Nc3 Bc5 10.Bd2 O-O 11.Rc1 Rc8 12.a3 h6 13.Bg2 Qe7 14.b4 Bd6 15.Qa4 Nd7
16.e4 Nb6 17.Qd1 dxe4 18.Nxe4 Nd5 19.Re1 Ne5 20.Qe2 Rxc1 21.Bxc1 Nd7 22.Bb2 Rd8
23.Nxd6 Qxd6 24.Rc1 N7f6 25.Bxf6 Nxf6 26.Bxb7 Qxd3 27.Qxd3 Rxd3 28.Rc8+ Kh7
29.a4 Rd4 30.Ra8 Rxb4 31.Rxa7 Ng4 32.Bf3 Ne5 33.Be2 Rb2 34.Kf1 Rb1+ 35.Kg2 Rb2
36.Kf1 Rb1+ 37.Kg2 Rb2 38.Bb5 g5 39.h3 h5 40.Rb7 Ra2 41.Rc7 Kg6 42.Kf1 g4
43.hxg4 hxg4 44.Be8 Kf5 45.Bb5 Ke4 46.Rc1 Kd4 47.Rd1+ Kc5 48.Re1 Nf3 49.Rc1+ Kd6
50.Rc6+ Ke5 51.Rc5+ Kf6 52.Rc1 Kg5 53.Kg2 Kg6 54.Bc6 Ne5 55.Be4+ f5 56.Bc2 Kf6
57.Kf1 Nf3 58.Bd1 e5 59.Rc5 Nd4 60.Ke1 Nf3+ 61.Kf1 e4 62.a5 Ne5 63.Bc2 Ra1+
64.Ke2 Nf3 65.Bd1 Ra2+  1/2-1/2

[Event "Linz"]
[Site "Linz"]
[Date "1997.05.25"]
[Round "9"]
[White "Romanishin, Oleg M"]
[Black "Rogers, Ian"]
[Result "1/2-1/2"]
[WhiteElo "2555"]
[BlackElo "2600"]

1.Nf3 d5 2.g3 c6 3.Bg2 Bg4 4.c4 e6 5.Ne5 Bh5 6.cxd5 exd5 7.O-O Bd6 8.d4 Ne7
9.Nc3 O-O 10.h3 Nd7 11.Nd3 Bg6 12.Bf4 Bxf4 13.Nxf4 Nf5 14.e4 dxe4 15.Nxe4 Nf6
16.Nc5 Nxd4 17.Nxb7 Qb6 18.Nxg6 hxg6 19.Na5 Rad8 20.Nb3 Rfe8 21.Nxd4 Rxd4
22.Qc2 c5 23.b3 Red8 24.Rac1 Rd2 25.Qxc5 Qxc5 26.Rxc5 Rxa2 27.Rc4 Rb2 28.Rc7 Rxb3  1/2-1/2

[Event "Bundesliga 9697"]
[Site "Germany"]
[Date "1997.05.??"]
[Round "?.1"]
[White "Vaganian, Rafael A"]
[Black "Donev, Ivo Hristov"]
[Result "1-0"]
[WhiteElo "2590"]
[BlackElo "2420"]

1.Nf3 d5 2.g3 Nc6 3.d4 Bf5 4.Bg2 Nb4 5.Na3 e6 6.O-O Nf6 7.Nh4 Bg4 8.c4 Be7
9.h3 Bh5 10.g4 Bg6 11.cxd5 exd5 12.Bd2 c6 13.f3 O-O 14.Nxg6 hxg6 15.Bc3 Na6
16.e4 g5 17.h4 gxh4 18.e5 Nd7 19.f4 g5 20.Nc2 gxf4 21.Rxf4 Nc7 22.g5 Ne6
23.Rxh4 Bxg5 24.Rh3 Kg7 25.Qf3 Rh8 26.Rf1 Qe7 27.Rg3 Rh7 28.Ne3 Kh8 29.Nf5 Qf8
30.Rh3 Qg8 31.Kf2 Ndf8 32.Rfh1 Qg6 33.Rxh7+ Nxh7 34.Bh3 Rg8 35.Bg4 Ng7 36.Kf1 b6
37.b4 c5 38.Be1 cxd4 39.Nxg7 Rxg7 40.Bf5 Qc6 41.Qh3 Bh4 42.Bxh4 Qc1+ 43.Be1 Qf4+
44.Ke2  1-0

[Event "RUS-Cup9"]
[Site "Novgorod"]
[Date "1997.06.13"]
[Round "3"]
[White "Vaulin, Alexander"]
[Black "Yakovich, Yuri"]
[Result "1/2-1/2"]
[WhiteElo "2490"]
[BlackElo "2575"]

1.Nf3 d5 2.g3 c6 3.Bg2 Bg4 4.c4 e6 5.cxd5 exd5 6.O-O Nf6 7.d3 Be7 8.Nc3 O-O
9.Qc2 Na6 10.a3 d4 11.Ne4 Nxe4  1/2-1/2

[Event "Sigeman & Co"]
[Site "Malmo"]
[Date "1997.06.15"]
[Round "6"]
[White "Hellsten, Johan"]
[Black "Hector, Jonny"]
[Result "0-1"]
[WhiteElo "2485"]
[BlackElo "2500"]

1.Nf3 d5 2.g3 c6 3.Bg2 Bg4 4.c4 e6 5.cxd5 exd5 6.O-O Bd6 7.d3 Nf6 8.Nbd2 O-O
9.b3 Qe7 10.a3 Re8 11.Re1 Nbd7 12.Bb2 a5 13.Qc2 Bc5 14.Nd4 Ne5 15.e3 Bb6
16.h3 Bd7 17.e4 Qc5 18.Bc3 dxe4 19.dxe4 Qd6 20.N2f3 Nxf3+ 21.Nxf3 Qxg3 22.Kf1 Nh5
23.Red1 Qc7 24.Qd2 Be6 25.Qg5 g6 26.e5 Qe7 27.Qh6 Qf8 28.Qxf8+ Rxf8 29.Kg1 Nf4
30.Bf1 Nxh3+ 31.Bxh3 Bxh3 32.Ng5 Bf5 33.e6 Bxe6 34.Ne4 Rfd8 35.Nf6+ Kf8 36.Nxh7+ Ke8
37.Nf6+ Ke7 38.Ne4 Rd5 39.Bf6+ Kd7 40.Nc3 Rxd1+ 41.Rxd1+ Ke8 42.Ne4 Bxb3
43.Nd6+ Kd7 44.Nc4+ Bxd1 45.Nxb6+ Ke6 46.Nxa8 Kxf6  0-1

[Event "Yopal"]
[Site "Yopal"]
[Date "1997.06.23"]
[Round "4"]
[White "Conquest, Stuart"]
[Black "Garcia, Gildardo"]
[Result "0-1"]
[WhiteElo "2540"]
[BlackElo "2485"]

1.Nf3 d5 2.g3 Bg4 3.Bg2 Nd7 4.c4 e6 5.cxd5 exd5 6.O-O Ngf6 7.b3 Bd6 8.Na3 c6
9.Nc2 O-O 10.Ne3 Bxf3 11.exf3 Re8 12.Nf5 Bf8 13.d4 a5 14.a4 Qb6 15.Bh3 c5
16.Be3 g6 17.Nh6+ Kg7 18.g4 Rxe3 19.fxe3 Kxh6 20.f4 cxd4 21.g5+ Kg7 22.exd4 Re8
23.gxf6+ Nxf6 24.Bg2 Re3 25.f5 Bb4 26.fxg6 hxg6 27.Kh1 Qe6 28.Ra2 Ne4 29.Bxe4 Qxe4+
30.Rg2 Bc3 31.Qg4 Re1 32.Rxe1 Qxe1+ 33.Rg1 Qe3 34.Rd1 f5 35.Qg2 Qe4 36.Qxe4 dxe4
37.Kg2 Kf6 38.Kf2 f4 39.Ke2 Ke6 40.d5+ Kd6 41.h4 Bf6 42.Rf1 Ke5 43.d6 f3+
44.Ke3 Bxh4 45.Rg1 Bd8 46.d7 Bb6+ 47.Kd2 e3+ 48.Kd3 e2 49.Rc1 Ke6  0-1

[Event "NLD-ch"]
[Site "Rotterdam"]
[Date "1997.06.25"]
[Round "4"]
[White "Van der Weide, Karel"]
[Black "Van der Sterren, Paul"]
[Result "1/2-1/2"]
[WhiteElo "2355"]
[BlackElo "2515"]

1.Nf3 d5 2.g3 Bg4 3.Bg2 Nd7 4.O-O c6 5.d3 Ngf6 6.Nbd2 e5 7.h3 Bh5 8.e4 dxe4
9.dxe4 Be7 10.Qe1 O-O 11.Nc4 Qc7 12.a4 Rfe8 13.Bd2 Rad8 14.Bc3 Bxf3 15.Bxf3 Bc5
16.Rd1 Bd4 17.Bb4 Bc5 18.Bc3 Nb6 19.Rxd8 Qxd8 20.Nxe5 Nxa4 21.Nd3 Bd4 22.Bxd4 Qxd4
23.e5 Nd7 24.Qa1 a6 25.b4 Qxa1 26.Rxa1 Nc3 27.Bg4 Nxe5 28.Re1 f5 29.Rxe5 Rxe5
30.Nxe5 fxg4 31.hxg4 Na2 32.Nd3 Kf7 33.f4 h6 34.Kf2 Ke6 35.c4 b6 36.Ke3 a5
37.bxa5 bxa5 38.Kd4 Nb4 39.Nc5+ Ke7 40.Kc3 Na2+ 41.Kb2 Nb4 42.Kc3 Na2+ 43.Kb2 Nb4
44.Kc3  1/2-1/2

[Event "Vier Laenderkampf"]
[Site "Schoeneck"]
[Date "1997.06.??"]
[Round "1"]
[White "Schnitzspan, Lothar"]
[Black "Boehnisch, Manfred"]
[Result "1-0"]
[WhiteElo "2330"]
[BlackElo "2295"]

1.Nf3 d5 2.g3 Bg4 3.Bg2 Nd7 4.O-O Ngf6 5.d3 e5 6.Nbd2 Bc5 7.h3 Bh5 8.e4 dxe4
9.dxe4 O-O 10.Qe2 Qe7 11.g4 Bg6 12.Nh4 Rfe8 13.a4 a5 14.Nc4 Nf8 15.Bd2 b6
16.Bc3 N6d7 17.Nf5 Qf6 18.Rfd1 Qc6 19.Kh1 f6 20.Nce3 Bxe3 21.Qxe3 Nc5 22.b3 Nfe6
23.f3 Bf7 24.Bf1 Qb7 25.Bb5 Nf4 26.Bxe8 Rxe8 27.Bxa5 Nxh3 28.Bb4 Ne6 29.Rd7 Qc6
30.Rd2 Kh8 31.Rad1 Nef4 32.c4 h5 33.gxh5 Bxh5 34.Rh2 Qe6 35.Ng3 g5 36.Nxh5 Nxh5
37.Qd2 N3f4 38.Qd7 Kg8 39.Kg1 c5 40.Be1 Ng7 41.Rhd2 Kh7 42.Bf2 Kg6 43.Qxe6 Ngxe6
44.Rd6 Ne2+ 45.Kf1 N6f4 46.Rd8 Re6 47.R1d7 Nc1 48.Rg8+ Kh6 49.a5 bxa5 50.Bxc5 Ng6
51.Rdg7 Nh4 52.Bf8 Re8 53.Rh8+  1-0

[Event "Vier Laenderkampf"]
[Site "Schoeneck"]
[Date "1997.06.??"]
[Round "3"]
[White "Schnitzspan, Lothar"]
[Black "Schaefer, Markus"]
[Result "1/2-1/2"]
[WhiteElo "2330"]
[BlackElo "2435"]

1.Nf3 d5 2.g3 c6 3.Bg2 Bg4 4.d3 Nd7 5.Nbd2 e6 6.O-O Bd6 7.e4 Ne7 8.Qe2 O-O
9.a4 a5 10.b3 Qc7 11.Bb2 f6 12.Rfe1 Rae8 13.d4 Kh8 14.Qd3 Qb8 15.Rac1 e5
16.h3 Bh5 17.c4 dxe4 18.Nxe4 Bb4 19.dxe5 Nxe5 20.Nxe5 fxe5 21.Bc3 Rd8 22.Qe3 Nf5
23.Qg5 Bg6 24.Bxb4 axb4 25.Nc5 Rf6  1/2-1/2

[Event "CZE-ch"]
[Site "Zlin"]
[Date "1997.06.??"]
[Round "5"]
[White "Cvek, Robert"]
[Black "Velicka, Petr"]
[Result "1/2-1/2"]
[WhiteElo "2340"]
[BlackElo "2405"]

1.Nf3 d5 2.g3 Nf6 3.Bg2 Bg4 4.O-O e6 5.c4 c6 6.Qb3 Qb6 7.Nc3 Nbd7 8.d4 Be7
9.Bf4 O-O 10.cxd5 Qxb3 11.axb3 exd5 12.Rfc1 Rfe8 13.Bd2 Bd6 14.e3 a6 15.Be1 h6
16.Na4 Ne4 17.b4 Re7 18.Nc5 Ndf6 19.Nd2 Nxd2 20.Bxd2 Be2 21.f3 Rae8 22.Kf2 Bb5
23.Rh1 h5 24.h4 g6 25.Rhe1 Kg7 26.Bc3 Bb8 27.b3 Kf8 28.Rac1 Ba7 29.Bb2 Bb8
30.Bc3 Ba7 31.Bd2 Kg7 32.Bh1 Bb6 33.Bc3 Kf8 34.Rcd1 Ba7 35.Bg2 Bb6 36.Bd2 Kg7
37.Bh3 Ba7 38.Bc3 Kf8 39.Rc1 Bb6 40.Bg2 Ba7  1/2-1/2

[Event "CZE-ch"]
[Site "Zlin"]
[Date "1997.06.??"]
[Round "8"]
[White "Votava, Jan"]
[Black "Haba, Petr"]
[Result "1/2-1/2"]
[WhiteElo "2530"]
[BlackElo "2520"]

1.Nf3 d5 2.g3 c5 3.Bg2 Nc6 4.d4 cxd4 5.Nxd4 e6 6.O-O Bc5 7.Nb3 Bb6 8.c4 Nge7
9.cxd5 Nxd5 10.Bd2 O-O 11.Nc3 Nxc3 12.Bxc3 Qe7 13.Rc1 e5 14.Nd2 Rd8 15.Qc2 Be6
16.b3 Rac8 17.Nc4 Bc5 18.Qb1 f6 19.e3 Bb4 20.Bxb4 Qxb4 21.Be4 h6 22.Bf5 Bxf5
23.Qxf5 b5 24.Nxe5 fxe5 25.Qe6+ Kh7 26.Rxc6 Rxc6 27.Qxc6 Rd2 28.Qf3 Qc5 29.b4 Qxb4
30.Qf5+ Kh8 31.Qc8+ Kh7 32.Qf5+ Kh8 33.Rc1 Rd8 34.Qxe5 Qf8 35.Rc6 Kh7 36.Qxb5 Rd2
37.f4 Rd1+ 38.Kf2 Qf7 39.Rc2 Qg6 40.Rb2 Qe4 41.Qh5 Rh1 42.f5 Qc6 43.Qg6+ Qxg6
44.fxg6+ Kxg6 45.Kf3 Kf6 46.Rb7 Rxh2 47.Rxa7 h5 48.a4 g5 49.a5 Ra2 50.Ra8 h4
51.gxh4 gxh4 52.Kg4 Ra4+ 53.Kh3 Re4 54.a6 Kg7 55.Ra7+ Kg6 56.Rb7 Re6 57.Ra7 Re4
58.Ra8 Kg7 59.Rc8 Ra4 60.Rc7+ Kg6 61.a7  1/2-1/2

[Event "Politiken Cup"]
[Site "Copenhagen"]
[Date "1997.07.06"]
[Round "2"]
[White "Olsen, Peter Erik"]
[Black "Hector, Jonny"]
[Result "0-1"]
[WhiteElo "2240"]
[BlackElo "2470"]

1.Nf3 d5 2.g3 Bg4 3.Bg2 Nd7 4.O-O e5 5.d3 Bd6 6.e4 dxe4 7.dxe4 Ne7 8.Nbd2 Nc6
9.Nc4 Bc5 10.Ne3 h5 11.c3 a5 12.Qa4 Be6 13.Nf5 Bf8 14.Rd1 g6 15.Ne3 h4 16.Nd5 hxg3
17.Bg5 gxf2+ 18.Kh1 Qb8 19.Nf6+ Nxf6 20.Bxf6 b5 21.Qc2 Rh5 22.Qxf2 Be7 23.Bxe7 Nxe7
24.Qg3 f6 25.Rf1 Qb6 26.a3 g5 27.Nd2 O-O-O 28.Rad1 Rh6 29.Rf2 Bc4 30.Bf1 Bxf1
31.Rdxf1 Rd6 32.Re1 Ng6 33.Nf1 Nf4 34.Rc2 Qc6 35.Qg4+ Kb7 36.Ng3 Rd3  0-1

[Event "Oberwart op"]
[Site "Oberwart"]
[Date "1997.07.06"]
[Round "2"]
[White "Bawart, Markus"]
[Black "Lendwai, Reinhard"]
[Result "1/2-1/2"]
[WhiteElo "2325"]
[BlackElo "2385"]

1.Nf3 d5 2.g3 c6 3.Bg2 Bg4 4.h3 Bxf3 5.Bxf3 Nd7 6.d3 e6 7.Bg2 Bd6 8.Nd2 Qc7
9.e4 Ngf6 10.Qe2 O-O-O 11.f4 Bc5 12.e5 Ng8 13.Nb3 Bb6 14.a4 a6 15.a5 Ba7
16.Be3 Bxe3 17.Qxe3 Ne7 18.O-O Nf5 19.Qf2 h5 20.c4 dxc4 21.dxc4 Nf8 22.Rad1 Ng6
23.h4  1/2-1/2

[Event "Oberwart op"]
[Site "Oberwart"]
[Date "1997.07.07"]
[Round "3"]
[White "Rieke, Theo"]
[Black "Spoerk, Rainer"]
[Result "1-0"]
[WhiteElo "2215"]
[BlackElo "2050"]

1.Nf3 d5 2.g3 Nf6 3.Bg2 c5 4.O-O Nc6 5.d4 e6 6.c4 dxc4 7.Qa4 Bd7 8.Qxc4 cxd4
9.Nxd4 Nxd4 10.Qxd4 Bc6 11.Bxc6+ bxc6 12.Qa4 Qb6 13.Be3 Qb5 14.Nc3 Qxa4 15.Nxa4 Nd5
16.Rac1 Nxe3 17.fxe3 Rc8 18.Rfd1 h5 19.Rd3 h4 20.Rcd1 hxg3 21.hxg3 Rh5 22.Rd7 Ra5
23.b3 Rd5 24.R1xd5 cxd5 25.Rxa7 Rc2 26.Ra8+ Ke7 27.Kf2 Rxa2 28.b4 Kf6 29.b5 Bd6
30.Ra6 Be5 31.Nc5 Rb2 32.Nd7+ Kf5 33.g4+ Ke4 34.Nc5+  1-0

[Event "Oberwart op"]
[Site "Oberwart"]
[Date "1997.07.09"]
[Round "5"]
[White "Cvitan, Ognjen"]
[Black "Baumegger, Siegfried"]
[Result "1-0"]
[WhiteElo "2550"]
[BlackElo "2360"]

1.Nf3 d5 2.g3 Bg4 3.Bg2 c6 4.O-O Nd7 5.d3 Ngf6 6.h3 Bh5 7.Nbd2 e6 8.Qe1 Bd6
9.e4 Qc7 10.b3 O-O-O 11.Bb2 dxe4 12.dxe4 Bxf3 13.Nxf3 Ne5 14.Qe3 Kb8 15.Rad1 Nxf3+
16.Bxf3 Be5 17.Bc1 h6 18.Rxd8+ Rxd8 19.Rd1 Rxd1+ 20.Bxd1 Qd7 21.Be2 Bd4 22.Qd3 e5
23.c3 Bc5 24.Qxd7 Nxd7 25.Kg2 Kc7 26.Bc4 f6 27.h4 Kd6 28.b4 Bb6 29.f4 Ke7
30.f5 a6 31.Kf3 Ba7 32.Be6 Bb6 33.a4 a5 34.bxa5 Bxa5 35.Ba3+ Ke8 36.Bxd7+ Kxd7
37.Bf8 Bxc3 38.Bxg7 b5 39.axb5 cxb5 40.g4 b4 41.Ke2 h5 42.gxh5 Ke7 43.h6 Kf7
44.Bh8 b3 45.Kd3 Be1 46.h5 Bh4 47.h7 Bg5 48.h6  1-0

[Event "Wch U20"]
[Site "Zagan"]
[Date "1997.07.14"]
[Round "1"]
[White "Kasimdzhanov, Rustam"]
[Black "Myc, Marcin"]
[Result "1-0"]
[WhiteElo "2545"]
[BlackElo "2350"]

1.Nf3 d5 2.g3 c6 3.Bg2 Bg4 4.b3 Nd7 5.Bb2 Ngf6 6.O-O e6 7.d3 Bd6 8.Nbd2 O-O
9.h3 Bh5 10.Qe1 Bxf3 11.Nxf3 e5 12.e4 Re8 13.Nh4 Qb6 14.Kh1 Bb4 15.Qe2 a5
16.a4 Qc5 17.Rad1 Bc3 18.Bc1 b5 19.exd5 cxd5 20.axb5 Qxb5 21.Nf5 Qb4 22.g4 h6
23.f4 a4 24.bxa4 Rxa4 25.Qf2 exf4 26.Bxf4 Be5 27.Bd2 Qf8 28.Rb1 Ra2 29.Bb4  1-0

[Event "Credis"]
[Site "Biel"]
[Date "1997.07.21"]
[Round "1"]
[White "Forster, Richard"]
[Black "Kobalija, Mihail"]
[Result "1/2-1/2"]
[WhiteElo "2460"]
[BlackElo "2495"]

1.Nf3 d5 2.g3 c6 3.Bg2 Nf6 4.O-O Bg4 5.d3 Nbd7 6.Re1 e5 7.c4 dxc4 8.dxc4 Be7
9.Nc3 O-O 10.Qc2 Qc7 11.h3 Bh5 12.Nh4 Rfe8 13.Be3 Nc5 14.Red1 Ne6 15.Nf5 Bf8
16.Ne4 Nxe4 17.Bxe4 Bg6 18.c5 Rad8 19.Qc4 Rxd1+ 20.Rxd1 Rd8 21.Rxd8 Qxd8
22.b4  1/2-1/2